Nâng cao năng lực cạnh tranh của Ngân hàng thương mại cổ phần Ngoại thương Việt Nam chi nhánh Cần Thơ : Luận văn Thạc sĩ Kinh tế. Chuyên ngành Quản trị kinh doanh

Đề tài phân tích năng lực cạnh tranh và các nhân tố ảnh hưởng đến năng lực cạnh tranh của Ngân hàng TMCP Ngoại thương Việt Nam chi nhánh Cần Thơ, từ đó đề xuất các giải pháp phù hợp nhằm nâng cao năng lực cạnh tranh của ngân hàng....

全面介绍

Đã lưu trong:
书目详细资料
主要作者: Phạm, Thụy Thúy Uyên
格式: 图书
语言:Undetermined
出版: Cần Thơ Trường Đại học Cần Thơ 2015
主题:
标签: 添加标签
没有标签, 成为第一个标记此记录!
Thư viện lưu trữ: Trung tâm Học liệu Trường Đại học Cần Thơ
LEADER 01228nam a2200217Ia 4500
001 CTU_201158
008 210402s9999 xx 000 0 und d
082 |a 332.12 
082 |b U527 
088 |a 60340102 
100 |a Phạm, Thụy Thúy Uyên 
245 0 |a Nâng cao năng lực cạnh tranh của Ngân hàng thương mại cổ phần Ngoại thương Việt Nam chi nhánh Cần Thơ : 
245 0 |b Luận văn Thạc sĩ Kinh tế. Chuyên ngành Quản trị kinh doanh 
245 0 |c Phạm Thụy Thúy Uyên ; Mai Văn Nam (Cán bộ hướng dẫn) 
260 |a Cần Thơ 
260 |b Trường Đại học Cần Thơ 
260 |c 2015 
520 |a Đề tài phân tích năng lực cạnh tranh và các nhân tố ảnh hưởng đến năng lực cạnh tranh của Ngân hàng TMCP Ngoại thương Việt Nam chi nhánh Cần Thơ, từ đó đề xuất các giải pháp phù hợp nhằm nâng cao năng lực cạnh tranh của ngân hàng. 
650 |a Commercial banking,Ngân hàng thương mại 
910 |a Khoa,Hải 
980 |a Trung tâm Học liệu Trường Đại học Cần Thơ